000 00545nam a2200193 a 4500
005 20260322212015.0
008 data
020 _a9780785189428
099 _aGILLEK
100 1 _aGillen, Kieron
245 1 0 _aIron Man.
_bVol. 4 ; Iron Metropolitan /
_cKieron Gillen, Scott Hanna & Joe Bennett.
260 _aNew York, NY :
_bMarvel Worldwide, Inc.
_c2014.
300 _a1 v. (unpaged) : chiefly col. ill. ;
_b27 cm.
650 0 _aScience fiction
650 0 _aSuperheroes
700 1 _aHanna, Scott
700 1 _aBennett, Joe
_d1968-
001 data
999 _c333
_d333